| 000 | 01027nmc a2200337 a 4500 | ||
|---|---|---|---|
| 003 | AR-Y00000XR | ||
| 005 | 20251128211735.0 | ||
| 008 | 147020s2000 ||||||||||||||000 | spa|| | ||
| 020 | _a0-582-343623 | ||
| 040 | _cAR-Y00000XR | ||
| 245 | 1 | 0 |
_aCollected classics _nVolume 3 |
| 260 |
_aHarlow _bPearson Education _c2000 |
||
| 300 | 0 | _a314 p. | |
| 490 | 0 |
_aPenguin readers. Level 4 _vv. 1 |
|
| 500 | 0 | _aNivel intermedio (1700 words) | |
| 505 |
_tEmma _rAusten, Jane |
||
| 505 |
_tThe mill on the floss _rEliot, George |
||
| 505 |
_tFar from the Madding Crowd _rHardy, Thomas |
||
| 505 |
_tThe picture of Dorian Gray _rWilde, Oscar |
||
| 505 |
_tThe locked room and other stories _rJames, Montague Rhodes |
||
| 650 | 4 | _aLITERATURA INGLESA | |
| 650 | 4 | _aENSENANZA DE IDIOMAS | |
| 650 | 4 | _aINGLES | |
| 650 | 4 | _aACTIVIDADES DE APRENDIZAJE | |
| 653 | 0 | _aCOMPRENSION LECTORA | |
| 653 | 0 | _aLITERATURA JUVENIL | |
| 653 | 0 | _aADAPTACIONES LITERARIAS | |
| 655 | _aLITERATURA | ||
| 942 | _cBK | ||
| 998 | _cme-solo cat | ||
| 999 |
_c20909 _d20909 |
||